| 000 -LEADER |
| fixed length control field |
00407cam a22001097a 4500 |
| 008 - FIXED-LENGTH DATA ELEMENTS--GENERAL INFORMATION |
| fixed length control field |
180718b1967 xxu||||| |||| 00| 0 eng d |
| 082 ## - DEWEY DECIMAL CLASSIFICATION NUMBER |
| Classification number |
T2196x54 In2re/1965-66 |
| 245 ## - TITLE STATEMENT |
| Title |
Review of progress rural industries projects programme 1965-66 |
| Statement of responsibility, etc. |
by Rural Industries Planning Committee, Planning Commission |
| 260 ## - PUBLICATION, DISTRIBUTION, ETC. |
| Place of publication, distribution, etc. |
|
| Name of publisher, distributor, etc. |
|
| Date of publication, distribution, etc. |
1967 |
| 300 ## - PHYSICAL DESCRIPTION |
| Extent |
553p |
| 700 ## - ADDED ENTRY--PERSONAL NAME |
| Personal name |
Rural Industries Planning Committee, Planning Commission |